000 00795nam a2200301Ia 4500
005 20260121124825.0
008 008 260114s9999 xx 000 0 eng d
020 _a9789814311175
037 _aEBOOK
040 _aCRL
040 _beng
040 _cCRL
041 _2eng
041 _aeng
084 _qCRL
100 _aManguin, Pierre-Yves
_9982602
245 0 _aEarly Interactions between South and Southeast Asia: Reflections on Cross-Cultural Exchange
260 _bWalter de Gruyter
260 _bWalter de Gruyter
260 _c2011
650 _aHistory
_9982603
700 _a Mani, A.
_9982604
700 _a Wade, Geoff
_9982605
856 _uhttp://www.degruyter.com/isbn/9789814311175
942 _cEBOOK
999 _c1557402
_d1557402